Statistiques concernant Give the player

Cliquez ici pour prendre le quiz!

Statistiques générales

  • Ce quiz a été pris 18 fois
  • Le résultat moyen est 17 sur 20

Statistiques - réponses

ClubCountryPositionRéponse% Correct
Marseille🇬🇦StrikerAubameyang
94%
Al-Hilal🇲🇦GoalkeeperBounou
94%
Lille🇨🇦StrikerDavid
94%
Real Betis🇫🇷Offensive MidfielderFekir
94%
Al-Ittihad🇫🇷Defensive MidfielderKanté
94%
Napoli🇳🇬StrikerOsimhen
94%
PSG🇺🇾Defensive MidfielderUgarte
94%
Barcelona🇺🇾Center BackAraujo
88%
Fiorentina🇫🇷Right WingerIkoné
88%
Al-Nassr🇸🇳Left WingerMané
88%
Real Madrid🇧🇷Center BackMilitao
88%
Leipzig🇧🇪StrikerOpenda
88%
Crystal Palace🇬🇭StrikerAyew
81%
Liverpool🇨🇴Left WingerDiaz
81%
Manchester City🇧🇪Left WingerDoku
81%
Bayern München🇲🇦Right BackMazraoui
81%
Villareal🇳🇴StrikerSørloth
69%
Tottenham🇮🇹GoalkeeperVicario
69%
Udinese🇪🇸StrikerDeulofeu
63%
Dortmund🇩🇿Left BackBensebaini
56%

Distribution des résultats

Percentile par nombre de réponses

% des personnes avec chaque résultat

Votre développement - résultats

Vous n’avez pas pris ce quiz